02148nam a2200313 u 4500001000800000005001700008007001000025008004100035035001200076040001300088041000800101080000700109100004900116245013100165260003500296300001100331520101600342650003501358650002601393650004401419650004901463700005301512700005101565942001001616999001901626502001201645526000801657952016901665153952720260508094042.0co|||||||191211s2019 spa  a1539527 ccomduadb aspa aQV10aGil Galé, Claudia Lorena4auteaut979706510aDisminución de la resistencia bacteriana a antimicrobianos en el paciente hospitalizado en UCI: un aporte desde enfermería aMedellín :bAutor(a),c2019. aCD-ROM3 aLa resistencia a los antimicrobianos es un problema de salud mundial cada vez más complejo, que ha venido aumentado en los últimos tiempos. Este fenómeno ha hecho que sea más difícil de tratar las infecciones bacterianas, incluso las que se creían ya controladas, trayendo consigo un impacto negativo en la salud pública, puesto que ha aumentado los índices de morbilidad y mortalidad en la población, prolonga las estancias hospitalarias y por ende hay un incremento en los costos sanitarios. Por estas razones es importante que el personal de enfermería actúe, evitando que aumente la incidencia de la resistencia bacteriana. El personal de enfermería tiene un papel muy importante en la prevención o disminución de las resistencias antimicrobianas, ya que enfermería es la que se encarga de brindar educación a la comunidad, de la administración de los medicamentos y del cumplimiento de las normas de bioseguridad y aislamiento, por lo tanto, para lograr intervenir esto. aResistencia bacteriana9148225 aAntibióticos932182 aResistencia a los antibióticos961203 7aUnidades de cuidados intensivos2dcs986427710aOchoa Avendaño, Aura María4auteaut980127410aTamayo Botero, Fredy Duván4thseths9586519 cTESIS c809343d809343 b159c16 a161 001040708AUDIOVISUAaBEbBEd2019-12-11eMaterial adquirido por donacióniC1325102l0oQV250 G5-19 CD-ROMp0992435r2023-05-04 00:00:00t1w2023-05-04yDIGITAL